000 00526nam a2200217Ia 4500
003 OSt
005 20220928142454.0
006 a|||||r|||| 00| 0
007 ta
008 220927b |||||||| |||| 00| 0 eng d
024 _a19839
037 _cTextual
040 _aSDCL
_cSDCL
_beng
041 _2eng
_aeng
082 _aD66,1, K6
100 _aGardner Floyd M
_9503700
245 0 _aPhaselock techniques.
260 _c1966
942 _hD66,1, K6
_cTEXL
_2CC
999 _c821996
_d821996